000 00288 a2200121 4500
245 _aORGANISATIONAL DEVELOPMENT
_hText
020 _a1869283678
100 _aMOERDYK, A
100 _aAARDT, V.C
650 _aNEW METHODS AND MODELS FOR SOUTHERN AFRICA
005 20191021095228.0
260 _c1978
084 _aNONE
999 _c11979
_d11979